000 00853nam a2200205Ia 4500
003 Ost
005 20260507075136.0
008 260507s9999||||xx |||||||||||||| ||und||
020 _a6105329957
040 _cfsecg
041 _aara
082 _a330
100 _aسعيد، سهيلة عبد الله
_eمؤلف
245 0 _aالرياضيات بين النظرية والتطبيق /
_c سهيلة عبد الله سعيد
260 _aعمان:
_bدار الحامد لنشر والتوزيع,
_c2006
300 _a333 صفحة؛
_bإيضاحات ؛
_c24 سم
520 _aمراجعة في الجبر- المعادلات الخطية- المتراجحات- الخطوط المستقيمة- الدالة والرسم البياني- المصفوفات- التفاضيل- التكامل.
653 _aالرياضيات
942 _cكتاب
999 _c43267
_d43267